The physical oceanography of sea straits
Αποθηκεύτηκε σε:
| Συγγραφή απο Οργανισμό/Αρχή: | |
|---|---|
| Άλλοι συγγραφείς: | |
| Μορφή: | Πρακτικό Συνεδρίου Βιβλίο |
| Γλώσσα: | English |
| Δημοσίευση: |
Dordrecht :
Kluwer Academic,
1990
|
| Σειρά: | NATO ASI series. Mathematical and physical sciences ;
; 318; Series C |
| Θέματα: | |
| Ετικέτες: |
Προσθήκη ετικέτας
Δεν υπάρχουν, Καταχωρήστε ετικέτα πρώτοι!
|
MARC
| LEADER | 00000nam a2200000 i 4500 | ||
|---|---|---|---|
| 001 | 1/25973 | ||
| 008 | 981214s1990 eng d | ||
| 020 | |a 0-7923-0905-7 | ||
| 035 | |l 10037470 | ||
| 040 | |a GR-MY-UA |b gre |e aacr | ||
| 041 | 0 | |a eng | |
| 082 | 0 | |a 551.4609 | |
| 111 | 2 | |a NATO Advanced Research Workshop on the Physical Oceanography of Sea Straits |d (1989 |c : Les Arcs, France) | |
| 245 | 1 | 4 | |a The physical oceanography of sea straits / |c edited by L. J. Pratt |
| 260 | |a Dordrecht : |b Kluwer Academic, |c 1990 | ||
| 300 | |a 587 p. | ||
| 490 | 1 | |a Mathematical and physical sciences |v ; 318 | |
| 500 | |a Proccedings of the NATO Advanced Research Workshop on The Physical Oceanography of Sea Straits Les Arcs, France, July 5-9 1989 | ||
| 504 | |a Includes index | ||
| 650 | 0 | 0 | |a Straits. |
| 700 | 1 | |a Pratt, L. J. |d 1952- |4 edt | |
| 830 | 0 | |a NATO ASI series. Mathematical and physical sciences ; |v ; 318; Series C | |
| 852 | |a INST |b LESVOS |e 19981214 |h 551.4609 PHY |p 005100016831 |q 005100016831 |t BK |y 0 | ||
| 909 | |a Λ |b 061469 | ||
| 922 | |a 1ΕΛΗ |b 199811 |c ΚΠΣ/ΤΠ |d ΠΑΠΑΣΩΤΗΡΙΟΥ | ||
| 950 | |a 107-1998-07-18 | ||